000 00654nam a22002417a 4500
008 130525b xxu||||| |||| 00| 0 eng d
020 _a0412740605
024 _cAvialable
037 _cAvialable
040 _aMBSTU LIBRARY
082 _222 ed
_a551.03 REE
100 _aW. Reginald.
110 _aHerschy
245 _aEncyclopedia of Hydrology and Water Resources.
260 _aUSA
_bKluwer Academic Publishers
_c1999
300 _a28.5 cm
_b803 Page
_f1
_g28.5 cm
600 _aPetrogenesis
700 _aW. Reginald.
270 _aUSA
_dUSA
365 _b34092.00
_d34092.00
942 _2ddc
_cBK
999 _c408
_d408